000 01246nam a2200241 a 4500
003 BD-DhJNU
005 20260330044930.0
008 251108s2002 bg |||g |||| 000 1|ben|d
020 _a9789845063135
040 _aBD-DhJNU
_bben
_cBD-DhJNU
_dBD-DhJNU
041 _aben
082 _a954.92051 EKT
_223
245 1 0 _aএকটি জাতির জন্ম :
_bযৌন সহিংসতা ও দায়মুক্তি /
_cহামিদা হোসাইন এবং আমেনা মহসিন কর্তৃক সম্পাদিত
246 _aEkti Jatio'r Jonom : joiyon sohingshota o daimutti
250 _a1st ed.
260 _aঢাকা :
_bদি ইউনিভার্সিটি প্রেস লিমিটেড(ইউ পি এল),
_c2018.
300 _a৪১১ পৃ. :
_bচিত্র ;
_c২২ সেমি.।
504 _aগ্রন্থপঞ্জিগত নির্দেশিকা ও নিঘন্ট অন্তভূক্ত
650 _aবাংলাদেশ—ইতিহাস
650 _aBangladesh—History
700 a _aহোসেন, সেলিনা
_eবাংলা সংস্করণের সম্পাদক
942 _cBK
999 _c2650
_d2650